Präsens Verben Endungen Latein - Statistiken

Allgemein
  • Dieses Quiz wurde 44 mal gespielt
  • Das Durchschnittsergebnis liegt bei 11 aus 18
Antwortstatistiken
Person Endung % Korrekt
1. Sg. O
97%
1. Pl. Mus
95%
2. Sg. S
95%
3. Sg. T
90%
3. Pl. Nt
87%
2. Pl. Tis
87%
1. Pl. Mur
56%
3. Sg. Tur
56%
1. Sg. Or
54%
3. Pl. Ntur
51%
2. Pl. Mini
46%
2. Sg. Ris
46%
3. Pl. Nt
41%
1. Pl. Mus
38%
2. Sg. S
38%
3. Sg. T
38%
2. Pl. Tis
38%
1. Sg. M
36%
Keine übereinstimmenden Quizze gefunden
Verteilung der Resultate
Anzahl Personen mit jedem Resultat
Perzentil nach korrekt beantworteten Fragen
Ihre Resultats-Entwicklung
Sie haben dieses Quiz noch nicht gespielt